000
00336cam a2200145ua 4500
041
_a
eng
_h
082
_a
821
_b
CHU/PO
100
_a
Church, Richard .
245
_a
Poems of our time (1900-1960) -981
260
_a
London :
_b
J M Dent and Sons Ltd ,
_c
1961.
300
_a
350 ; .
504
_a
942
_c
BK
999
_c
4317
_d
4317